000
00292nam a2200109Ia 4500
008
190216s9999||||xx |||||||||||||| ||und||
100
_a
"Puri Gk, Julka P & Manish Puri"
245
0
_a
Verbal Reasoning For All Competitive Exams
260
_b
Iims Pub
_c
1998
300
_a
317p
942
_c
REF
999
_c
36522
_d
36522